000
00264nam a2200109Ia 4500
008
190914s9999||||xx |||||||||||||| ||und||
100
_a
Marty Nemko
245
0
_a
Youre Gonna Love this College Guide
260
_a
USA
_b
Barrons
_c
1996
300
_a
480
942
_c
BK
999
_c
8911
_d
8911